Statistieken voor Vlaggen van Landen die beginnen met L

Klik hier om de quiz te nemen!

Algemene statistieken

  • Deze quiz is 422 keer genomen
  • De gemiddelde score is 8 van 9

Antwoordstatistieken

Antwoord% Correct
Luxemburg
99%
Letland
97%
Laos
94%
Libanon
94%
Liechtenstein
94%
Litouwen
94%
Libië
92%
Liberia
88%
Lesotho
85%

Scoreverdeling

Percentiel versus Aantal Correcte Antwoorden

Procent van Mensen met Elke Score

Uw Scoregeschiedenis

U heeft deze quiz nog niet genomen